[Event "Reykjavik Chess Congress 2020"]
[Site "Reykjavik"]
[Date "2020.01.19"]
[Round "5.4"]
[White "Baldursson, Haraldur"]
[Black "Hardarson, Petur Palmi"]
[Result "0-1"]
[WhiteElo "1902"]
[BlackElo "2027"]
[Annotator "NA"]
[PlyCount "119"]
[EventDate "2020.01.05"]
[EventType "swiss"]
[EventCountry "ISL"]
[SourceTitle "playchess.com"]
[Source "ChessBase"]
[SourceQuality "1"]
[TimeControl "40/5400+30:900+30"]

1. d4 {[%emt 0:01:26]} Nf6 {[%emt 0:00:00]} 2. Nf3 {[%emt 0:00:19]} g6 {[%emt 0:00:26]} 3. Nc3 {[%emt 0:02:37]} d5 {[%emt 0:01:30]} 4. Bf4 {[%emt 0:01:37]} Bg7 {[%emt 0:01:39]} 5. e3 {[%emt 0:02:26]} Bg4 {[%emt 0:02:18]} 6. Bd3 {[%emt 0:04:40] D00: 1 d4 d5: Unusual lines} (6. Nb5 Na6 7. h3 Bxf3 8. Qxf3 c6 9. Na3 O-O 10. c3 Qb6 11. Rb1 Nd7 12. Bxa6 Qxa6 13. Qe2 Qa5 {0-1 (63) Repka,C (2473)-Kozul,Z (2619) Sibenik 2016}) 6... O-O {[%emt 0:01:50]} 7. h3 {[%emt 0:01:57]} Bxf3 {[%emt 0:00:52]} 8. Qxf3 {[%emt 0:00:11]} e6 {[%emt 0:05:35]} 9. g4 $146 {[%emt 0:04:40]} ({Predecessor:} 9. O-O Nbd7 10. a4 c5 11. dxc5 e5 12. Bg5 e4 13. Qe2 exd3 14. Qxd3 Nxc5 {0-1 (54) Linkevicius,V-Viliusis,N (1097) Kaunas 2017}) 9... c5 {[%emt 0:07:15]} 10. dxc5 {[%emt 0:12:50]} Ne8 {[%emt 0:02:43]} 11. e4 {[%emt 0:13:27]} d4 {[%emt 0:02:18]} 12. Ne2 {[%emt 0:11:32]} Qa5+ {[%emt 0:05:52]} 13. Kf1 {[%emt 0:03:27]} Qxc5 {[%emt 0:01:33]} 14. h4 {[%emt 0:02:31]} Nc6 {[%emt 0:03:33]} 15. h5 {[%emt 0:10:29]} g5 {[%emt 0:08:55]} 16. h6 {[%emt 0:03:20]} Bf6 {[%emt 0:03:10]} 17. Rh5 {[%emt 0:01:59]} Ne5 {[%emt 0:05:05]} 18. Bxe5 {[%emt 0:03:17]} Qxe5 {[%emt 0:00:23]} 19. Qg3 {[%emt 0:01:44]} Qxg3 {[%emt 0:08:39]} 20. Nxg3 {[%emt 0:00:19]} Kh8 {[%emt 0:01:01]} 21. Kg2 {[%emt 0:05:51]} Rg8 {[%emt 0:02:16]} 22. Re1 {[%emt 0:03:05]} Be5 {[%emt 0:01:02]} 23. Ne2 {[%emt 0:00:31]} Nf6 {[%emt 0:00:48]} 24. Rhh1 {[%emt 0:06:27]} Nxg4 {[%emt 0:00:47]} 25. f3 {[%emt 0:00:48]} Ne3+ {[%emt 0:04:24]} 26. Kf2 {[%emt 0:00:28]} Bf6 {[%emt 0:05:24]} 27. e5 {[%emt 0:00:55]} Bxe5 {[%emt 0:01:04]} 28. c3 {[%emt 0:00:01]} Nd5 {[%emt 0:02:04]} 29. cxd4 {[%emt 0:00:11]} Bc7 {[%emt 0:02:13]} 30. Rc1 {[%emt 0:00:13]} Bb6 {[%emt 0:00:25]} 31. Rc4 {[%emt 0:00:32]} f5 {[%emt 0:01:36]} 32. a4 {[%emt 0:00:22]} g4 {[%emt 0:01:13]} 33. b4 {[%emt 0:00:35]} a5 {[%emt 0:01:28]} 34. bxa5 {[%emt 0:00:12]} Rxa5 {[%emt 0:00:23]} (34... Bxa5 $17 35. Rc2 Bb6 36. fxg4 fxg4) 35. fxg4 {[%emt 0:00:10]} fxg4 {[%emt 0:02:54]} 36. Rhc1 {[%emt 0:00:13]} Raa8 {[%emt 0:00:33]} 37. Be4 {[%emt 0:01:04]} Raf8+ {[%emt 0:00:56]} 38. Kg1 {[%emt 0:00:20]} Rf6 {[%emt 0:03:28]} 39. Rc8 {[%emt 0:00:14]} Rgf8 {[%emt 0:01:46]} 40. Bxd5 {[%emt 0:00:00]} exd5 {[%emt 0:00:00]} 41. Rxf8+ {[%emt 0:01:33]} Rxf8 {[%emt 0:00:28]} 42. Rb1 {[%emt 0:00:26]} Rf6 {[%emt 0:00:32]} 43. a5 {[%emt 0:02:42]} Bxa5 {[%emt 0:00:55]} 44. Rxb7 {[%emt 0:00:12]} Rxh6 {[%emt 0:01:09]} 45. Rb5 {[%emt 0:00:12]} Bc7 {[%emt 0:06:29]} 46. Rxd5 {[%emt 0:01:13]} Rg6 {[%emt 0:00:54]} 47. Kg2 {[%emt 0:01:35]} h6 {[%emt 0:01:23]} 48. Ng3 {[%emt 0:01:08]} Rc6 {[%emt 0:02:44]} 49. Rc5 $2 {[%emt 0:02:16]} (49. Nf5 $15) 49... Rxc5 {[%emt 0:00:46]} 50. dxc5 {[%emt 0:00:07]} Kh7 {[%emt 0:05:12]} 51. Nf5 {[%emt 0:06:29]} h5 {[%emt 0:02:04]} (51... Kg6 $5 52. Ne3 $8 Kg5 $11) 52. Ne3 {[%emt 0:01:40]} Kg6 {[%emt 0:00:56]} 53. c6 {[%emt 0:02:19]} Be5 {[%emt 0:00:45]} 54. Nd5 {[%emt 0:01:08]} h4 {[%emt 0:00:32]} (54... Kf5 $5 55. c7 $8 Bxc7 56. Nxc7 h4 $11) 55. c7 {[%emt 0:00:41]} h3+ {[%emt 0:00:13]} 56. Kh1 {[%emt 0:01:46] [#]} (56. Kg1 $11 Bxc7 57. Nxc7) 56... g3 $1 {[%emt 0:04:36]} 57. Ne7+ {[%emt 0:00:54]} (57. c8=Q $17 g2+ 58. Kg1 Bd4+ 59. Kh2 g1=Q+ 60. Kxh3) 57... Kg5 {[%emt 0:00:12]} 58. c8=Q {[%emt 0:00:14]} g2+ {[%emt 0:00:04]} 59. Kg1 {[%emt 0:00:01]} Bd4+ 60. Kh2 {[%emt 0:00:04]} 0-1

[Event "Reykjavik Chess Congress 2020"]
[Site "Reykjavik"]
[Date "2020.01.19"]
[Round "5.6"]
[White "Briem, Benedikt"]
[Black "Briem, Stephan"]
[Result "1-0"]
[WhiteElo "1841"]
[BlackElo "2197"]
[Annotator "ChessBase"]
[PlyCount "59"]
[EventDate "2020.01.05"]
[EventType "swiss"]
[EventCountry "ISL"]
[SourceTitle "playchess.com"]
[Source "ChessBase"]
[SourceQuality "1"]
[TimeControl "40/5400+30:900+30"]

1. d4 {[%emt 0:00:00]} Nf6 {[%emt 0:00:00]} 2. Nc3 {[%emt 0:00:00]} c5 {[%emt 0:03:50]} 3. d5 {[%emt 0:00:00]} e5 {[%emt 0:08:39]} 4. g3 {[%emt 0:08:01]} d6 {[%emt 0:00:09]} 5. Bg2 {[%emt 0:00:52]} Be7 {[%emt 0:01:09]} 6. e4 {[%emt 0:04:08]} Nbd7 {[%emt 0:05:20]} 7. Nge2 {[%emt 0:00:37]} Nf8 {[%emt 0:03:02]} 8. O-O {[%emt 0:01:09]} Ng6 {[%emt 0:01:09]} 9. h3 {[%emt 0:00:38]} O-O {[%emt 0:00:41]} 10. Qd3 {[%emt 0:02:09]} Ne8 {[%emt 0:02:34]} 11. g4 {[%emt 0:02:29]} Bg5 {[%emt 0:01:57]} 12. Bxg5 {[%emt 0:03:14]} Qxg5 {[%emt 0:00:41]} 13. Qg3 {[%emt 0:02:58]} Bd7 {[%emt 0:14:00]} 14. a4 {[%emt 0:01:39]} Nf6 {[%emt 0:00:18]} 15. f4 {[%emt 0:02:21]} exf4 {[%emt 0:02:10]} 16. Nxf4 {[%emt 0:01:32]} Ne5 {[%emt 0:07:16]} 17. Nd3 {[%emt 0:01:48]} h5 {[%emt 0:04:54]} 18. Nb5 {[%emt 0:05:45]} Ne8 {[%emt 0:07:46]} 19. Nxd6 {[%emt 0:02:19]} Nxd3 {[%emt 0:10:10]} 20. cxd3 {[%emt 0:00:32]} hxg4 {[%emt 0:08:48]} 21. Nxb7 {[%emt 0:06:27]} Qh6 {[%emt 0:07:35]} 22. Nxc5 {[%emt 0:02:09]} Bc8 {[%emt 0:00:56]} 23. hxg4 {[%emt 0:01:21]} Bxg4 {[%emt 0:00:09]} 24. Rf4 {[%emt 0:03:48]} Bh5 {[%emt 0:02:35]} 25. Nd7 {[%emt 0:01:24]} Rc8 {[%emt 0:03:44]} 26. Raf1 {[%emt 0:03:46]} Qd6 {[%emt 0:01:27]} 27. Nxf8 {[%emt 0:00:40]} Qxf8 {[%emt 0:00:05]} 28. Rh4 {[%emt 0:00:43]} Bg6 {[%emt 0:00:45]} 29. Qh3 {[%emt 0:00:47]} Qc5+ {[%emt 0:00:03]} 30. d4 {[%emt 0:00:29]} 1-0

[Event "Reykjavik Chess Congress 2020"]
[Site "Reykjavik"]
[Date "2020.01.22"]
[Round "6.1"]
[White "Fridjonsson, Julius"]
[Black "Bjornsson, Sigurbjorn"]
[Result "0-1"]
[WhiteElo "2117"]
[BlackElo "2331"]
[Annotator "TA"]
[PlyCount "46"]
[EventDate "2020.01.05"]
[EventType "swiss"]
[EventCountry "ISL"]
[SourceTitle "playchess.com"]
[Source "ChessBase"]
[SourceQuality "1"]

{[%evp 16,46,29,-7,0,0,0,0,10,-58,-8,-62,-65,-93,-84,-80,-61,-95,-32,-24,-37,-39,-46,-447,-441,-1154,-1156,-1062,-1006,-1164,-1155,-1259,-1150]} 1. c4 e5 2. Nc3 Nf6 3. Nf3 Nc6 4. g3 Bc5 5. Bg2 O-O 6. O-O d6 7. d3 h6 8. a3 a5 9. Bd2 Be6 {A29: English Opening: Four Knights Variation with 4 g3} 10. Na4 Ba7 11. Qc2 Qd7 {The position is equal.} 12. Rfd1 $146 (12. b4 $11) ({Predecessor:} 12. e3 Bh3 13. b4 Bxg2 14. Kxg2 axb4 15. axb4 Ne7 16. Nc3 g5 17. Ra2 {0-1 (24) Abraham,R (1835)-Wong,R (2200) San Francisco 2011}) 12... Bh3 13. Bh1 (13. e3 $11) 13... Ng4 {[%csl Gg4][%cal Ra7f2] [#]} 14. Be1 $1 f5 15. c5 d5 16. b4 e4 ({Better is} 16... f4 $17) 17. b5 $15 Nd8 $36 {[%mdl 2048] Black has the initiative.} 18. Nd4 Ne6 19. Nxf5 $2 {[%mdl 8192]} ({White should try} 19. Nxe6 $15 Qxe6 20. Rab1) 19... e3 $19 {Black is clearly winning.} (19... Rxf5 $2 20. dxe4 Rf7 21. exd5 $19) 20. Bxd5 (20. Nxh6+ $142 Nxh6 21. f3) 20... exf2+ 21. Bxf2 Rxf5 {[%mdl 64] [#] Double Attack} 22. Bf3 Nxf2 23. Kxf2 Qd4+ {Accuracy: White = 25%, Black = 59%.} 0-1

[Event "Reykjavik Chess Congress 2020"]
[Site "Reykjavik"]
[Date "2020.01.22"]
[Round "6.2"]
[White "Kjartansson, Gudmundur"]
[Black "Ragnarsson, Johann"]
[Result "1-0"]
[WhiteElo "2453"]
[BlackElo "1946"]
[Annotator "TA"]
[PlyCount "29"]
[EventDate "2020.01.05"]
[EventType "swiss"]
[EventCountry "ISL"]
[SourceTitle "playchess.com"]
[Source "ChessBase"]
[SourceQuality "1"]

{[%evp 9,57,22,50,45,137,86,167,144,211,204,277,277,275,272,285,268,269,215,266,207,286,228,273,282,315,326,300,298,429,387,437,447,440,407,429,431,421,405,493,500,802,432,29989,29990,29991,29992,29992,29993,29993,29991]} 1. Nf3 d5 2. g3 Nf6 3. Bg2 Bf5 4. c4 d4 (4... c6 5. Qb3 Qb6 6. d3 e6 7. Be3 Qxb3 8. axb3 a6 9. Bd2 Nbd7 10. Bc3 Be7 11. Nbd2 c5 12. Ne5 d4 13. Nxd7 Nxd7 14. Ba5 {1-0 (45) Giri,A (2783)-Aronian,L (2765) St Petersburg 2018}) 5. d3 Nc6 {[#]} 6. b4 $146 {[%cal Bb2b4,Bb4b5][%mdl 544] A07: Réti Opening: New York and Capablanca Systems} ({Predecessor:} 6. O-O e5 7. Na3 Be7 8. Nc2 O-O 9. b4 Nxb4 10. Nxe5 Nxc2 11. Qxc2 {0-1 (56) Cruz,L (2040)-Miguez,D (2055) Cuba 1997}) 6... e6 {[#]} (6... Nxb4 $14 7. Qa4+ {[%mdl 64] Double Attack} Nc6) 7. a3 (7. b5 $142 $1 {[%cal Rb5c6]} Bb4+ 8. Bd2 Bxd2+ 9. Qxd2 (9. Nbxd2 Ne7 $16)) 7... Bg4 (7... a6 $16) 8. b5 $18 {White is clearly better.} Bxf3 (8... Nb8 $16 9. Ne5 Nbd7) 9. Bxf3 Na5 10. Qa4 b6 {[#]} 11. Bd2 $1 {[%cal Rd2a5]} ({Don't play} 11. Bxa8 $6 Qxa8 12. O-O Bd6 $18) 11... Bd6 12. Bxa5 (12. Bxa8 $6 Qxa8 13. O-O Nb7 $18) 12... bxa5 13. Bc6+ ({Don't do} 13. Qxa5 Rb8 $18) 13... Kf8 14. Nd2 Rb8 15. Qxa5 {Played: Nd2-b3} 1-0

[Event "Reykjavik Chess Congress 2020"]
[Site "Reykjavik"]
[Date "2020.01.22"]
[Round "6.2"]
[White "Kjartansson, Gudmundur"]
[Black "Ragnarsson, Johann"]
[Result "*"]
[WhiteElo "2453"]
[BlackElo "1946"]
[Annotator "RC"]
[PlyCount "57"]
[EventDate "2020.01.05"]
[EventType "swiss"]
[EventCountry "ISL"]
[SourceTitle "playchess.com"]
[Source "ChessBase"]
[SourceQuality "1"]
[TimeControl "40/5400+30:900+30"]

1. Nf3 {[%emt 0:00:00]} d5 {[%emt 0:00:22]} 2. g3 {[%emt 0:00:00]} Nf6 {[%emt 0:00:57]} 3. Bg2 {[%emt 0:00:00]} Bf5 {[%emt 0:00:15]} 4. c4 {[%emt 0:01:04]} d4 {[%emt 0:01:58]} 5. d3 {[%emt 0:01:25]} Nc6 {[%emt 0:01:36]} 6. b4 {[%emt 0:00:33]} e6 {[%emt 0:27:01]} 7. a3 {[%emt 0:02:07]} Bg4 {[%emt 0:15:56]} 8. b5 {[%emt 0:10:36]} Bxf3 {[%emt 0:09:03]} 9. Bxf3 {[%emt 0:00:15]} Na5 {[%emt 0:00:06]} 10. Qa4 {[%emt 0:01:07]} b6 {[%emt 0:00:06]} 11. Bd2 {[%emt 0:01:16]} Bd6 {[%emt 0:06:02]} 12. Bxa5 {[%emt 0:01:56]} bxa5 {[%emt 0:00:02]} 13. Bc6+ {[%emt 0:14:49]} Kf8 {[%emt 0:01:58]} 14. Nd2 {[%emt 0:00:47]} Rb8 {[%emt 0:02:50]} 15. Nb3 {[%emt 0:02:43]} Ng4 {[%emt 0:01:29]} 16. Qxa5 {[%emt 0:03:28]} h5 {[%emt 0:02:59]} 17. Qxa7 {[%emt 0:01:27]} h4 {[%emt 0:06:48]} 18. Qxd4 {[%emt 0:01:32]} hxg3 {[%emt 0:00:17]} 19. Qxg4 {[%emt 0:02:03]} Qf6 {[%emt 0:00:20]} 20. hxg3 {[%emt 0:08:19]} Rxh1+ {[%emt 0:01:19]} 21. Bxh1 {[%emt 0:00:05]} Qc3+ {[%emt 0:00:05]} 22. Kf1 {[%emt 0:00:10]} Qxb3 {[%emt 0:00:06]} 23. Qd4 {[%emt 0:05:34]} f6 {[%emt 0:05:39]} 24. a4 {[%emt 0:04:14]} Kg8 {[%emt 0:03:55]} 25. Qe3 {[%emt 0:00:23]} Qb2 {[%emt 0:05:09]} 26. Qxe6+ {[%emt 0:01:24]} Kh8 {[%emt 0:00:59]} 27. Qh3+ {[%emt 0:00:12]} Kg8 {[%emt 0:00:02]} 28. Bd5+ {[%emt 0:00:04]} Kf8 {[%emt 0:00:07]} 29. Qe6 {[%emt 0:00:56]} *

[Event "Reykjavik Chess Congress 2020"]
[Site "Reykjavik"]
[Date "2020.01.22"]
[Round "6.3"]
[White "Stefansson, Vignir Vatnar"]
[Black "Briem, Benedikt"]
[Result "1-0"]
[WhiteElo "2323"]
[BlackElo "1841"]
[Annotator "TA"]
[PlyCount "69"]
[EventDate "2020.01.05"]
[EventType "swiss"]
[EventCountry "ISL"]
[SourceTitle "playchess.com"]
[Source "ChessBase"]
[SourceQuality "1"]

{[%evp 18,69,45,45,91,83,155,158,152,160,187,186,186,106,127,114,127,100,125,110,220,236,1330,1323,2233,2159,2090,1497,2063,2051,2738,2701,2260,2157,29973,29974,29974,29975,29975,29976,29976,29977,29977,29978,29978,29979,29979,29979,29969,7342,29991,29991,29993,29994]} 1. c4 Nf6 2. Nc3 g6 3. d4 Bg7 4. e4 d6 5. Be2 O-O 6. Bg5 Nbd7 7. Qd2 e5 8. d5 a5 9. g4 Nc5 10. f3 Qd7 {E73: King's Indian: Averbakh Variation without 6...c5} (10... h6 11. Be3 h5 12. Nh3 hxg4 13. Nf2 Nh5 14. fxg4 Nf4 15. h4 {1-0 (15) Blanco Gramajo,C (2537)-Boger,R (2616) ICCF email 2014}) 11. h4 Ne8 (11... Na4 $142) 12. h5 $16 f6 {White is clearly better.} 13. Be3 a4 $146 ({Predecessor:} 13... Rf7 14. Nh3 g5 15. Nf2 Bf8 16. O-O Na6 17. a3 c5 18. b4 Qd8 {1-0 (36) Maksimenko,A (2501)-Voigt,R (2384) Germany 2006}) 14. hxg6 hxg6 15. Bh6 ({White should try} 15. Nh3 $18) 15... Kf7 16. Bxg7 Nxg7 17. Qh6 Qe7 18. Qh7 f5 (18... g5 $16) 19. Rh6 $18 Qg5 $2 {[#]} (19... Qf6 20. exf5 Bxf5) 20. Nh3 Qe3 21. Qxg6+ Kg8 22. Qh7+ Kf7 23. Rg6 Nd3+ 24. Kf1 Rg8 25. Ng5+ Ke7 26. Rxg7+ Rxg7 27. Qxg7+ Ke8 28. Qf7+ Kd8 29. Qf8+ Kd7 30. Qxf5+ Ke8 31. Qf7+ Kd8 32. Qf6+ Ke8 33. Bxd3 {[#] White threatens Qf7+ and mate.} Qxd3+ 34. Kf2 Qd2+ 35. Ne2 {Accuracy: White = 78%, Black = 32%.} 1-0

[Event "Reykjavik Chess Congress 2020"]
[Site "Reykjavik"]
[Date "2020.01.22"]
[Round "6.4"]
[White "Heidarsson, Arnar"]
[Black "Kjartansson, David"]
[Result "0-1"]
[WhiteElo "1880"]
[BlackElo "2356"]
[Annotator "TA"]
[PlyCount "127"]
[EventDate "2020.01.05"]
[EventType "swiss"]
[EventCountry "ISL"]
[SourceTitle "playchess.com"]
[Source "ChessBase"]
[SourceQuality "1"]

{[%evp 13,127,-3,0,1,13,13,23,0,0,0,0,0,0,-13,-16,-15,0,-4,0,-16,-14,-31,-26,-81,-91,-93,-81,-140,-97,-175,-151,-155,-140,-192,-93,-97,-93,-91,-87,-94,-114,-399,-18,-18,-17,-28,-29,-25,-25,-23,-13,-10,-8,-6,0,0,0,0,0,-1,-4,-19,0,0,0,0,0,0,3,0,0,0,0,-8,-7,-24,0,-8,0,-8,-1,-8,0,0,0,0,0,-210,-199,-202,-211,-239,-216,-216,-212,-354,-351,-317,-259,-5616,-1249,-5438,-5431,-5431,-696,-762,-715,-713,-690,-557,-542,-697,-631,-29984,-29985,-29985]} 1. Nf3 c5 2. c4 Nc6 3. Nc3 g6 4. g3 Bg7 5. Bg2 e6 6. e3 (6. O-O Nge7 {½-½ (7) Kryakvin,D (2588)-Kokarev,D (2598) Khanty-Mansiysk 2018}) 6... Nge7 7. O-O O-O 8. d4 {A37: Symmetrical English vs ...g6: 4 Bg2 Bg7 5 Nf3} b6 9. b3 Bb7 10. Bb2 {White has an edge.} cxd4 11. exd4 d5 12. cxd5 $146 ({Predecessor:} 12. Ne2 Rc8 13. Ne5 dxc4 14. Nxc4 Ba6 15. Rc1 Nf5 {0-1 (27) Micoogullari,L (1668)-Sahin,H (1648) Kocaeli 2015}) 12... exd5 13. Ba3 Re8 14. Re1 Qd7 15. Nb5 Nf5 16. Rxe8+ Rxe8 17. Bh3 Ba6 $36 {[%mdl 2048] Black is more active.} 18. Bxf5 (18. Bf1 $1 $11) 18... gxf5 $17 ({Don't go for} 18... Qxf5 $2 19. Nd6 $16) 19. Nc3 {[#]} f4 $1 {[%mdl 512]} 20. Kg2 (20. Rc1 $142) (20. gxf4 Qg4+) 20... Bc8 {...Qh3+ is the strong threat.} 21. Ne2 (21. Kg1 $17 {was necessary.}) 21... fxg3 22. hxg3 Qh3+ 23. Kg1 {[#]} Qg4 (23... Bg4 $1 $19 {[%mdl 512] has better winning chances.} 24. Nf4 Qh6) 24. Nf4 Re4 {Strongly threatening ...Rxf4.} 25. Nxd5 {[#]} Be6 $1 {[%cal Re6d5]} 26. Nc3 Nxd4 27. Nxd4 $4 {[%mdl 8192]} (27. Nh2 $17 {keeps fighting.} Qxd1+ 28. Rxd1) 27... Rxd4 $2 (27... Bxd4 $19 28. Nxe4 Qxe4) 28. Qxg4 $1 $11 Bxg4 29. Re1 {Hoping for Re8+.} h5 30. Ne4 Rd5 31. Bb4 a5 32. Bc3 Bxc3 33. Nxc3 {[%mdl 4096] Endgame KRB-KRN} Rc5 34. Re3 Kg7 35. Kg2 Be6 36. Rd3 b5 37. f3 b4 38. Ne4 Rc1 39. Rd2 Bf5 40. Nd6 Bc2 41. Nc4 a4 42. bxa4 Bxa4 43. Ne5 Bb5 44. f4 f6 45. Nf3 Kg6 46. Nd4 Bc4 47. Rb2 Bd5+ 48. Kf2 Ra1 49. Rxb4 Rxa2+ 50. Kg1 $2 (50. Ke3 $11 {and White is okay.}) 50... Rg2+ $19 {[%mdl 64] Double Attack} 51. Kf1 Rxg3 52. Ne2 Ra3 53. Kf2 h4 54. f5+ (54. Rd4 $142 Rf3+ 55. Kg1) 54... Kg5 (54... Kxf5 55. Rxh4 Rd3 56. Ng3+ Kg5 57. Rh5+ Kg6 58. Ke2 $15) 55. Rd4 Rf3+ 56. Ke1 $2 (56. Kg1 Ba8 57. Rd8) 56... Rxf5 (56... h3 $142 57. Rd2 {[#]} Re3 $1 {[%mdl 512]}) 57. Ng1 Bg2 58. Ne2 Rf1+ (58... h3 $142 59. Rd7 h2) 59. Kd2 h3 60. Rd8 Ra1 61. Rg8+ Kf5 62. Ke3 Ra8 63. Rxa8 Bxa8 64. Kd4 {Accuracy: White = 38%, Black = 53%.} 0-1

[Event "Reykjavik Chess Congress 2020"]
[Site "Reykjavik"]
[Date "2020.01.22"]
[Round "6.6"]
[White "Acevedo Mendez, Lisseth"]
[Black "Mai, Aron Thor"]
[Result "0-1"]
[WhiteElo "1864"]
[BlackElo "2167"]
[Annotator "TA"]
[PlyCount "160"]
[EventDate "2020.01.05"]
[EventType "swiss"]
[EventCountry "ISL"]
[SourceTitle "playchess.com"]
[Source "ChessBase"]
[SourceQuality "1"]

{[%evp 11,160,-9,0,0,-7,-12,0,-9,0,-10,-5,-22,31,44,36,31,32,48,54,53,53,40,81,34,108,98,108,109,97,35,35,-13,9,0,33,15,168,33,75,37,42,29,143,0,0,0,0,0,0,0,0,0,0,-14,-29,-51,-43,-125,-128,-132,-132,-133,-153,-121,0,-10,0,-52,-45,-56,42,0,0,0,0,0,5,0,0,-36,0,0,0,-8,-10,-10,-8,-8,8,-8,-8,-8,-8,-8,-10,-13,0,0,0,0,0,0,0,0,0,0,0,0,0,-8,-8,-71,-72,-29965,-29966,-29965,-29967,-29967,-29968,-29967,-29969,-29971,-29972,-29972,-29973,-29973,-29974,-29974,-29974,-29974,-29976,-29976,-29976,-29977,-29978,-29979,-29980,-29981,-29981,-29981,-29982,-29982,-29983,-29983,-29981,-29983,-29984,-29985,-29986,-29986,-29987]} 1. e4 c6 2. d4 d5 3. exd5 cxd5 4. Nf3 Nc6 5. Bd3 Bg4 6. c3 Qc7 7. h3 {B13: Caro-Kann: Exchange Variation and Panov-Botvinnik Attack} Bh5 8. Nbd2 e6 9. O-O {The position is equal.} Bd6 10. Re1 Nge7 (10... Nf6 11. Nf1 O-O 12. Bg5 Rab8 13. Qe2 Rfe8 14. Qe3 Bg6 15. Ne5 Nxe5 16. dxe5 {½-½ (48) Bocharov,I (2534)-Ovetchkin,R (2540) Cheliabinsk 2017}) 11. Qc2 O-O-O (11... Rc8 $11) 12. b4 $36 {[%mdl 2048] White is more active.} Bg6 13. Qb1 $146 ({Predecessor:} 13. Bxg6 Nxg6 14. Qb3 Nf4 15. Nf1 {0-1 (23) Tuominen,T (2079)-Sisatto,O (2243) Finland 2016}) 13... Kb8 14. Nb3 Bxd3 15. Qxd3 Ng6 16. Nc5 Nf4 17. Qb5 Qb6 ({Black should try} 17... Ka8 $14) 18. a4 $16 h6 19. Qf1 g5 20. b5 (20. a5 $16 Qc7 21. Qb5 Bxc5 22. Bxf4 (22. dxc5 a6 $11) 22... Qxf4 23. bxc5) 20... Na5 $1 $14 21. Ne5 (21. Ba3 {is interesting.} Qc7 22. g3 Ng6 23. Bb4 e5 24. Nd2) 21... Bxe5 22. Rxe5 Ng6 23. Re1 Nf8 $2 (23... Ka8 $11) 24. Ba3 ({Better is} 24. f4 $18) 24... Ka8 25. Qe2 Nd7 26. Reb1 Rhe8 {[#]} (26... Qc7 $11 {keeps the balance.}) 27. Nxd7 (27. Qh5 $1 $16) 27... Rxd7 $11 28. Bc5 Qd8 $1 29. Qh5 Qf6 30. Bb4 Nc4 31. a5 Rg8 32. Qg4 Qg6 33. Qg3 h5 $1 34. Bc5 (34. Re1 $15) 34... h4 $17 35. Qg4 f5 36. Qe2 g4 37. hxg4 Qxg4 ({Black should play} 37... fxg4 $17 38. b6 a6) 38. Qxg4 $11 Rxg4 39. Kh2 (39. Re1 $11) 39... Rdg7 $15 40. Rg1 Re4 (40... Rg8 $15) 41. Rae1 Nxa5 42. f3 Rxe1 43. Rxe1 $11 {[%mdl 4096] Endgame KRB-KRN} Rg6 44. Be7 Nc4 45. Bxh4 b6 46. Re2 Kb7 47. Be7 a6 48. bxa6+ Kxa6 49. Kh3 Kb5 50. Kh4 {With the idea g4.} f4 51. Kh5 Rg8 52. Rxe6 Rxg2 53. Rf6 $1 Re2 54. Bb4 Re3 55. Rxf4 Nd2 56. Rf5 Kc4 57. f4 Ne4 58. Rf8 Nxc3 59. Bd6 Kxd4 60. Be5+ Ke4 61. Rb8 (61. Bxc3 $11 {remains equal.} Rxc3 62. Kg4) 61... Ne2 $17 62. Rxb6 $2 {[%mdl 8192] [#]} (62. Kh4 $17) 62... Nxf4+ {Black mates.} 63. Bxf4 Kxf4 {KR-KR} 64. Rd6 Ke5 65. Rd8 Rg3 66. Kh4 Rg7 67. Re8+ Kd4 68. Rd8 Kc4 69. Rc8+ Kd3 70. Rd8 d4 71. Kh5 Kc3 72. Rc8+ Kd2 73. Rd8 d3 74. Kh4 Kc2 75. Rc8+ Kd1 76. Rd8 d2 77. Kh5 Rc7 78. Ra8 Kc2 79. Ra2+ Kd3 80. Ra3+ Ke2 {Accuracy: White = 34%, Black = 63%.} 0-1